000 00909 a2200217 4500
003 Nust
005 20220815111540.0
010 _a 00059401
020 _a1580531431 (alk. paper)
040 _cNust
082 0 0 _a621.381535,KEN
100 1 _aKenington, Peter B.
_956739
245 1 0 _aHigh-linearity RF amplifier design /
_cPeter B. Kenington.
260 _aBoston, MA :
_bArtech House,
_cc2000.
300 _axv,531 p. :
_bill. ;
_c24 cm.
440 0 _aArtech House microwave library
_928737
505 _aIntroduction (Page-1), Distortion in Amplifiers (Page-21), RF Power Amplifiers Design (Page-89), Feedback Linearization Techniques (Page-135), Feed forward Systems (Page-251), Predistortion Techniques (Page-351), Linear Transmitters Employing Signal Processing (Page-425), Efficiency Boosting Systems (Page-493).
650 0 _aTelecommunication Engineering.
650 0 _x.
942 _cREF
_2ddc
999 _c175791
_d175791